000 00507nam a2200193Ia 4500
003 GCL
008 140319s9999 xx 000 0 eng d
020 _a1851492410
040 _aGCL /
_cGCL
082 0 4 _a749.1
_bA A
100 1 _aANDREWS, JOHN
245 1 0 _aANTIQUE FURNITURE /
_cANDREWS, JOHN
260 _aانجلترا :
_bANTIQUE COLLECTOR'S CLUB ،
_c1995
300 _a22 CM ؛
_c192 P
650 0 4 _aINTERIOR DECORATION
650 0 4 _aFURNITURE
650 0 4 _aDECORATIVE ARTS
942 _2ddc
_cBK
999 _c1445
_d1445